[Event "Cto. Autonómico por Equipos 2007"]
[Site "Aragón"]
[Date "2007.03.10"]
[Round "7.63"]
[White "Abos Rosico Antonio"]
[Black "Aspas Aspas Mariano"]
[Result "1-0"]
[WhiteElo "1957"]
[BlackElo "1676"]

1.e4 e6 2.d4 d5 3.Nd2 dxe4 4.Nxe4 Nd7 5.Bd3 Ngf6 6.Bg5 Be7 7.Nxf6+ Nxf6 8.Nf3
c5 9.O-O cxd4 10.Nxd4 O-O 11.c3 Qd5 12.f4 b6 13.Qc2 Bb7 14.Bxf6 Bxf6 15.Bxh7+
Kh8 16.Nf3 Qh5 17.Be4 Bxe4 18.Qxe4 Rad8 19.Rad1 Qc5+ 20.Kh1 Rd6 21.Rxd6 Qxd6
22.g4 g6 23.g5 Bg7 24.Kg2 Rd8 25.Rf2 Qd5 26.Qxd5 Rxd5 27.Rd2 Ra5 28.a3 Rb5 29.
Rd8+ Kh7 30.Rd3 Rxb2+ 31.Kg3 Rb3 32.Rd7 Kg8 33.Rxa7 Bxc3 34.Kg4 Bb2 35.a4 Rb4
36.Ne1 Rb3 37.Rb7 Bd4 38.a5 b5 39.a6 Rb1 40.Nf3 Bf2 41.a7 Ra1 42.Rb8+ 1-0

[Event "Cto. Autonómico por Equipos 2007"]
[Site "Aragón"]
[Date "2007.03.10"]
[Round "7.64"]
[White "Fondon Murillo Alvaro"]
[Black "Perez Puyal Jose J"]
[Result "1-0"]
[WhiteElo "1886"]
[BlackElo "1673"]

1.d4 d5 2.c4 e6 3.Nc3 Nf6 4.Nf3 c6 5.Bf4 Qa5 6.Bd2 Qc7 7.g3 Nbd7 8.c5 b6 9.b4
a5 10.a3 Qa7 11.b5 Bb7 12.Qa4 Rc8 13.cxb6 Nxb6 14.Qb3 a4 15.Qb2 Nc4 16.Qa2 c5
17.e3 Nxd2 18.Qxd2 Qa5 19.b6 Ba6 20.Bxa6 Qxa6 21.Qb2 Rb8 22.Rb1 Nd7 23.b7 Be7
24.Qb5 Qxb5 25.Rxb5 c4 26.O-O Bxa3 27.Ra1 Bd6 28.Rxa4 Ke7 29.e4 dxe4 30.Nxe4
Nf6 31.Nxd6 Kxd6 32.Rxc4 Nd5 33.Ne5 Rhf8 34.Nc6 Nc7 35.Rb3 Nd5 36.Nxb8 Rxb8
37.Rc8 1-0

[Event "Cto. Autonómico por Equipos 2007"]
[Site "Aragón"]
[Date "2007.03.17"]
[Round "8.1"]
[White "Garza Marco Sergio"]
[Black "Lopez Gracia Fernando"]
[Result "1-0"]
[WhiteElo "2380"]
[BlackElo "2328"]

1.d4 Nf6 2.c4 e6 3.Nc3 Bb4 4.e3 c5 5.Ne2 d5 6.a3 Bxc3+ 7.Nxc3 cxd4 8.exd4 dxc4
9.Bxc4 Nc6 10.Be3 O-O 11.O-O h6 12.Bd3 b6 13.Qf3 Bb7 14.Rad1 Rc8 15.Rfe1 Rc7
16.Qg3 Kh8 17.Qh3 Nh7 18.d5 exd5 19.Qf5 g6 20.Qh3 h5 21.Be4 Ne7 22.Nb5 Rc4 23.
Bh6 Rg8 24.Qg3 Nf5 25.Bxf5 gxf5 26.Nd6 Qf6 27.Qxg8+ 1-0

[Event "Cto. Autonómico por Equipos 2007"]
[Site "Aragón"]
[Date "2007.03.17"]
[Round "8.2"]
[White "Gomez Anadon Daniel"]
[Black "Fontana Sotomayour Luis Javier"]
[Result "1-0"]
[WhiteElo "2280"]
[BlackElo "2320"]

1.c4 e5 2.g3 Nf6 3.Bg2 d5 4.cxd5 Nxd5 5.Nf3 Nc6 6.O-O Nb6 7.d3 Be7 8.a3 a5 9.
Nbd2 O-O 10.b3 f6 11.Bb2 Be6 12.Qc2 Qd7 13.Rfd1 Rfd8 14.Nc4 Qe8 15.Rab1 Qh5
16.Bc1 Rac8 17.Be3 Nd5 18.Bd2 Bh3 19.Bh1 b6 20.Ne3 Nxe3 21.Bxe3 Nd4 22.Bxd4
exd4 23.Qc4+ Qf7 24.Nxd4 Qxc4 25.dxc4 Bxa3 26.Bb7 Rb8 27.Bd5+ Kf8 28.Nc6 Bf5
29.e4 Bg4 30.Rd3 Bc5 31.Kg2 Rbc8 32.f3 Bh5 33.Nxd8 Rxd8 34.Rbd1 Be8 35.Be6 Bd6
36.f4 Ke7 37.Bg4 Bc6 38.Bf3 Rf8 39.Re1 Bb4 40.Re2 a4 41.bxa4 Bxa4 42.e5 f5 43.
Ra2 Bd7 44.Ra7 Rc8 45.h3 Bc5 46.Ra8 Rxa8 47.Bxa8 c6 48.g4 g6 49.Kg3 Bb4 50.Rd1
Bc5 51.Kh4 h6 52.Kg3 b5 53.cxb5 cxb5 54.Bd5 b4 55.Ra1 Bd4 56.Ra6 Bc3 57.Rxg6
Ba4 58.Rb6 Be1+ 59.Kg2 Bc2 60.Rb7+ 1-0

[Event "Cto. Autonómico por Equipos 2007"]
[Site "Aragón"]
[Date "2007.03.17"]
[Round "8.3"]
[White "Fandino Roquelina"]
[Black "Campos Hernandez Antonio"]
[Result "1/2-1/2"]
[WhiteElo "2104"]
[BlackElo "2263"]

1.e4 c5 2.Nf3 Nc6 3.Bb5 Na5 4.O-O a6 5.Be2 d6 6.Nc3 Nf6 7.d3 g6 8.Bg5 Bg7 9.
Rb1 Nc6 10.h3 b5 11.a4 b4 12.Nd5 Nxd5 13.exd5 h6 14.dxc6 hxg5 15.Nxg5 e5 16.
Nf3 g5 17.Nh2 Be6 18.Bf3 Ra7 19.c3 a5 20.Re1 Kf8 21.Nf1 Rc7 22.Ng3 Qc8 23.Nh5
Rxc6 24.d4 Rxh5 25.d5 Rh4 26.dxc6 Ke7 27.Qd2 g4 28.Bxg4 Bxg4 29.hxg4 Qxc6 30.
Qg5+ Bf6 31.Qf5 Qd7 32.Qxd7+ Kxd7 33.f3 Rh8 34.g3 Kc6 35.Kg2 Bg5 36.Re4
1/2-1/2

[Event "Cto. Autonómico por Equipos 2007"]
[Site "Aragón"]
[Date "2007.03.17"]
[Round "8.4"]
[White "Moreno Gracia Daniel"]
[Black "Maza Broto Pablo"]
[Result "1-0"]
[WhiteElo "2122"]
[BlackElo "1981"]

1.e4 e6 2.d4 d5 3.e5 c5 4.c3 Nc6 5.Nf3 cxd4 6.cxd4 Nge7 7.Be2 Qb6 8.b3 Nf5 9.
Bb2 Bb4+ 10.Kf1 h5 11.g3 Bd7 12.h4 Be7 13.Nc3 Qd8 14.Qd2 Rc8 15.Rc1 a6 16.Kg2
b5 17.Rhe1 Qb6 18.Qd3 Kf8 19.a4 g6 20.axb5 Nb4 21.Qd2 axb5 22.Ba3 Kg7 23.Na2
Nxa2 24.Rxc8 Rxc8 25.Bxe7 Nxe7 26.Qxa2 b4 27.Qd2 Nf5 28.Qg5 Nxd4 29.Qe3 Rc3
30.Qxd4 Qxd4 31.Nxd4 f6 32.Bf1 fxe5 33.Rxe5 Kf6 34.f4 Rc1 35.Kf2 Rd1 36.Nf3
Rb1 37.Re3 Rb2+ 38.Be2 Bb5 39.Nd4 Bd7 40.Ke1 Ke7 1-0

[Event "Cto. Autonómico por Equipos 2007"]
[Site "Aragón"]
[Date "2007.03.17"]
[Round "8.5"]
[White "Del Rey Diego"]
[Black "Ramiro Ovejero Juan Luis"]
[Result "1/2-1/2"]
[WhiteElo "2399"]
[BlackElo "2299"]

1.Nf3 c5 2.c4 Nf6 3.g3 g6 4.b3 Bg7 5.Bb2 O-O 6.Bg2 Nc6 7.O-O Rb8 8.d4 d6 9.Nc3
a6 10.dxc5 dxc5 11.Qxd8 Rxd8 12.Na4 Nd7 13.Bxg7 Kxg7 14.Ng5 Nd4 15.Nc3 h6 16.
Nf3 Nxf3+ 17.Bxf3 Nf6 18.Rfd1 Rxd1+ 19.Rxd1 Be6 20.Na4 b6 21.Bc6 Ng4 22.Rd2
Ne5 23.Bg2 f5 24.f4 Nf7 25.e4 fxe4 26.Bxe4 Nd6 27.Bc2 Bd7 28.Nc3 Bc6 29.Nd5
Bxd5 30.Rxd5 Rd8 31.Kf2 Nb7 32.Be4 Rxd5 33.Bxd5 Nd6 34.g4 g5 35.Kg3 gxf4+ 36.
Kxf4 Kf6 37.h4 e5+ 38.Ke3 a5 39.Be4 a4 40.Kf3 axb3 41.axb3 Ne8 42.Bc6 Nd6 43.
Ke3 Kg6 44.Be4+ Kf6 45.Bc2 Ke6 46.Kf3 Kf6 47.Bd3 Ke6 48.g5 hxg5 49.hxg5 Kf7
50.Kg4 Kg7 51.Bc2 b5 52.Bd3 bxc4 53.bxc4 Kf7 54.Be2 Kg6 55.Bd3+ e4 56.Bc2 Nxc4
57.Bxe4+ Kg7 58.Kf4 Nd6 59.Bd3 c4 1/2-1/2

[Event "Cto. Autonómico por Equipos 2007"]
[Site "Aragón"]
[Date "2007.03.17"]
[Round "8.6"]
[White "Guzman Moneo Alberto"]
[Black "Fernandez Lopez Felix"]
[Result "1-0"]
[WhiteElo "2237"]
[BlackElo "2315"]

1.e4 g6 2.d4 Bg7 3.Nc3 Nc6 4.d5 Nb8 5.f4 d6 6.Nf3 c6 7.Bc4 Nf6 8.e5 dxe5 9.
fxe5 Nxd5 10.Nxd5 cxd5 11.Qxd5 Qxd5 12.Bxd5 e6 13.Bb3 Nc6 14.Bf4 Bd7 15.O-O-O
Na5 16.Rd2 Nxb3+ 17.axb3 Bc6 18.Nd4 Rc8 19.Nxc6 Rxc6 20.Rhd1 O-O 21.Rd7 Rfc8
22.Rd8+ Bf8 23.Bh6 1-0

[Event "Cto. Autonómico por Equipos 2007"]
[Site "Aragón"]
[Date "2007.03.17"]
[Round "8.8"]
[White "Lana Rodriguez David"]
[Black "Romon Poves Raul"]
[Result "1-0"]
[WhiteElo "2123"]
[BlackElo "2225"]

1.e4 c5 2.Nf3 Nc6 3.d4 cxd4 4.Nxd4 Nf6 5.Nc3 e5 6.Ndb5 d6 7.a4 a6 8.Na3 Be6 9.
Bc4 Rc8 10.Be3 Na5 11.Bd5 Be7 12.O-O O-O 13.f3 Qc7 14.Qd2 Nxd5 15.Nxd5 Bxd5
16.Qxd5 Nc4 17.Nxc4 Qxc4 18.Qxb7 Rc7 19.Qb6 Rc6 20.Qa5 Bd8 21.Qd2 Qxc2 22.Rfc1
Qxd2 23.Bxd2 Bb6+ 24.Kf1 Rfc8 25.Rxc6 Rxc6 26.Rc1 Rxc1+ 27.Bxc1 a5 28.Ke2 Kf8
29.Kd3 Ke7 30.Kc4 Bc5 31.Bd2 Bb6 32.Kb5 Bd4 33.b3 Ke6 34.Kc6 Bg1 35.h3 f5 36.
Bxa5 1-0

[Event "Cto. Autonómico por Equipos 2007"]
[Site "Aragón"]
[Date "2007.03.17"]
[Round "8.9"]
[White "Hernando Garcia Antonio"]
[Black "Llorente Zaro Alfonso"]
[Result "0-1"]
[WhiteElo "2209"]
[BlackElo "2353"]

1.c4 b6 2.Nf3 Bb7 3.g3 Bxf3 4.exf3 c5 5.d4 cxd4 6.Qxd4 Nc6 7.Qd2 Nf6 8.Bg2 e6
9.O-O h5 10.h4 Rc8 11.b3 d5 12.cxd5 Qxd5 13.Nc3 Qxd2 14.Bxd2 Nd4 15.Kh2 Ba3
16.Ne4 Nxe4 17.fxe4 Ke7 18.Bc1 Bxc1 19.Rfxc1 Ne2 20.Rxc8 Rxc8 21.Bf3 Rc2 22.
Kg2 Nc3 23.e5 g6 24.a3 Rb2 25.b4 Rb3 26.Bd1 Nxd1 27.Rxd1 Rxa3 28.Rc1 Kd7 29.
Rd1+ Kc7 30.Rc1+ Kb7 31.Rd1 Rc3 32.b5 Rc5 33.f4 Kc8 34.Ra1 Rc7 35.Kf3 Kd7 36.
Ra3 Ke7 37.Ke4 f6 38.exf6+ Kxf6 39.Rd3 Rc4+ 40.Kf3 Kf5 41.Re3 Rc5 42.Rb3 Rc4
43.Re3 Rb4 44.Re5+ Kf6 45.Kf2 Rb3 46.Kg2 Rc3 47.Re4 Rc5 48.Ra4 Rxb5 49.Rxa7
Rb3 50.Rb7 b5 51.Kh3 Rb2 52.Rb8 b4 53.Rf8+ Ke7 54.Rg8 Kf7 55.Rb8 b3 56.Rb7+
Kf6 57.Rb5 Ke7 58.Rb7+ Kd6 59.Rb6+ Ke7 60.Rb7+ Kf6 61.Rb5 Rb1 62.Kg2 Ke7 63.
Rb6 Kd7 64.Kh2 Kc7 65.Rxe6 b2 66.Re2 Rh1+ 67.Kxh1 b1=Q+ 68.Kg2 Qb7+ 69.Kh2 Qf3
70.Rd2 Qf1 71.Rg2 Kd6 72.Rg1 Qf3 73.Rg2 Ke6 74.Ra2 Qf1 75.Rg2 Kf5 76.Rg1 Qf3
77.Kh3 Qe2 78.Ra1 Ke4 79.Rh1 Kf3 0-1

[Event "Cto. Autonómico por Equipos 2007"]
[Site "Aragón"]
[Date "2007.03.17"]
[Round "8.10"]
[White "Ramon Perez Jose Luis"]
[Black "Chueca Forcen Alberto"]
[Result "1-0"]
[WhiteElo "2336"]
[BlackElo "2110"]

1.e4 c6 2.c4 e5 3.Nf3 d6 4.d4 Qc7 5.Nc3 Nf6 6.Be2 Be7 7.O-O O-O 8.Rb1 Nbd7 9.
Qc2 Re8 10.d5 Nf8 11.Ne1 Ng6 12.Nd3 cxd5 13.exd5 Bf5 14.Nb5 Qc8 15.Qb3 e4 16.
Nb4 e3 17.Nd3 exf2+ 18.Kh1 Ne4 19.Be3 Bh4 20.Rbd1 Qd8 21.Nd4 Ng3+ 22.hxg3 Bxg3
23.Nxf5 Rxe3 24.Bg4 Nf4 25.Qc3 Qg5 26.Nxe3 1-0

[Event "Cto. Autonómico por Equipos 2007"]
[Site "Aragón"]
[Date "2007.03.17"]
[Round "8.11"]
[White "Sarto Ramos Angel"]
[Black "Mimbela Lopez Miguel Angel"]
[Result "0-1"]
[WhiteElo "2092"]
[BlackElo "2232"]

1.d4 Nf6 2.Nf3 g6 3.Nbd2 Bg7 4.e4 d6 5.Bc4 O-O 6.O-O c5 7.dxc5 dxc5 8.c3 Nc6
9.Qe2 Nd7 10.Rd1 Qc7 11.Nf1 a6 12.Ne3 b5 13.Bb3 e6 14.Ng4 c4 15.Bc2 h5 16.Ne3
Bb7 17.g3 Nc5 18.Ng2 Rfd8 19.Be3 Ne5 20.Nxe5 Bxe5 21.Bf4 Bxf4 22.Nxf4 Qe5 23.
f3 h4 24.Qe3 hxg3 25.hxg3 a5 26.Kf2 Rac8 27.Rd4 Qh8 28.Rad1 Rxd4 29.cxd4 Na6
30.e5 Qh2+ 31.Ng2 Nb4 32.Bb1 Kg7 33.Be4 Bxe4 34.Qxe4 Nd3+ 35.Rxd3 cxd3 36.Qxd3
Rc1 37.f4 Qg1+ 38.Kf3 Rf1+ 39.Kg4 Qxg2 40.d5 exd5 41.e6 fxe6 42.Qd4+ Kh7 43.
Qa7+ Kh6 0-1

[Event "Cto. Autonómico por Equipos 2007"]
[Site "Aragón"]
[Date "2007.03.17"]
[Round "8.12"]
[White "Gomez Luesia Jesus"]
[Black "Sanmartin Agustin Borja"]
[Result "1-0"]
[WhiteElo "2181"]
[BlackElo "2082"]

1.d4 Nf6 2.c3 e6 3.e3 c5 4.Bd3 d5 5.f4 cxd4 6.exd4 Bd6 7.Nf3 Nc6 8.O-O Qb6 9.
Qe2 Bd7 10.Ne5 h5 11.Be3 Ng4 12.Nxd7 Kxd7 13.Nd2 g5 14.g3 Nxe3 15.Qxe3 gxf4
16.gxf4 Rag8+ 17.Kh1 Kc8 18.b4 Rg4 19.Be2 Rh4 20.Rf3 Qc7 21.Raf1 Ne7 22.Bd3
Rg8 23.R1f2 Rgg4 24.Nf1 Bxf4 25.Qe1 Qd8 26.Rg2 Qg8 27.Qxh4 Rxg2 28.Ng3 Bg5 29.
Qxh5 Rxa2 30.Bh7 Qh8 31.Rxf7 Bf6 32.Qh6 1-0

[Event "Cto. Autonómico por Equipos 2007"]
[Site "Aragón"]
[Date "2007.03.17"]
[Round "8.13"]
[White "Baron Rodriguez Jesus"]
[Black "Colas Longares Rafael P"]
[Result "1/2-1/2"]
[WhiteElo "2422"]
[BlackElo "2346"]

1.e4 c5 2.Nf3 d6 3.d4 cxd4 4.Nxd4 Nf6 5.Nc3 g6 6.Bg5 Bg7 7.Bb5+ Bd7 8.Qe2 Nc6
9.O-O-O h6 10.Bh4 Nxd4 11.Rxd4 g5 12.Bg3 Nh5 13.Bxd7+ Qxd7 14.Rd3 Nxg3 15.hxg3
O-O-O 16.f4 Kb8 17.Kb1 Qc6 18.Rhd1 Qb6 19.Qe3 Qxe3 20.Rxe3 gxf4 21.gxf4 Bxc3
22.Rxc3 Rdg8 23.g3 Rg4 24.Kc1 Rhg8 25.Rdd3 h5 26.e5 Rc8 27.exd6 Rxc3 28.Rxc3
exd6 29.Kd2 h4 30.gxh4 Rxh4 31.Ke3 f5 32.Rc4 Rh1 33.a4 a5 34.Rd4 Rh2 35.Kd3
Rf2 36.b3 Kc7 37.c3 Rf3+ 38.Kc4 Kc6 39.b4 axb4 40.Kxb4 d5 41.c4 1/2-1/2

[Event "Cto. Autonómico por Equipos 2007"]
[Site "Aragón"]
[Date "2007.03.17"]
[Round "8.14"]
[White "Trigo Conde Isaac"]
[Black "Antoli Royo Joaquin Miguel"]
[Result "0-1"]
[WhiteElo "2304"]
[BlackElo "2250"]

1.d4 d5 2.c4 e6 3.Nf3 Nf6 4.Bg5 c6 5.e3 Qa5+ 6.Nbd2 Ne4 7.Bf4 g5 8.Be5 f6 9.
Bxb8 Rxb8 10.a3 Bd6 11.c5 Be7 12.b4 Qc7 13.Nxe4 dxe4 14.Nd2 f5 15.Qh5+ Kf8 16.
Bc4 Kg7 17.f3 Rf8 18.O-O Bd7 19.fxe4 g4 20.Bxe6 Be8 21.Bf7 Bxf7 22.Qxf5 h5 23.
e5 Bg6 24.Qe6 Bg5 25.Qb3 Rxf1+ 26.Rxf1 Rf8 27.Re1 Qd7 28.Qb2 Qf7 29.Nf1 h4 30.
e6 Qxf1+ 31.Rxf1 Bxe3+ 32.Rf2 Rxf2 0-1

[Event "Cto. Autonómico por Equipos 2007"]
[Site "Aragón"]
[Date "2007.03.17"]
[Round "8.15"]
[White "Lasanta Rica Cesar"]
[Black "Garcia Vicente Nieves"]
[Result "0-1"]
[WhiteElo "2300"]
[BlackElo "2207"]

1.d4 Nf6 2.c4 e6 3.Nc3 Bb4 4.f3 c5 5.d5 b5 6.e4 bxc4 7.Bxc4 Bb7 8.Ne2 Nxd5 9.
Bxd5 exd5 10.exd5 Qh4+ 11.g3 Qc4 12.O-O O-O 13.b3 Qa6 14.Ne4 f5 15.N4c3 Qf6
16.Bb2 Na6 17.Qc2 Qf7 18.Rad1 Nc7 19.a3 Ba5 20.Nf4 Rae8 21.d6 Ne6 22.Ncd5 Nxf4
23.Nxf4 Re3 24.Nd3 Rfe8 25.Rf2 Bxf3 26.Rxf3 Rxf3 27.Ne5 Qxb3 28.Qc1 Qe3+ 29.
Qxe3 Rxe3 30.Nxd7 Re2 31.Rb1 Rd8 32.Ne5 Rxd6 33.Bc3 Bb6 34.Nc4 Rde6 35.Rd1 Rc2
36.Nxb6 axb6 37.Ba1 Kf7 38.Rd7+ Ke8 0-1

[Event "Cto. Autonómico por Equipos 2007"]
[Site "Aragón"]
[Date "2007.03.17"]
[Round "8.16"]
[White "Cabrera Moreno Daniel"]
[Black "Aguirre Izaguirre Pedro Jose"]
[Result "1/2-1/2"]
[WhiteElo "2170"]
[BlackElo "2268"]

1.e4 c5 2.Nf3 Nc6 3.Bb5 g6 4.Bxc6 bxc6 5.O-O Bg7 6.Re1 Nf6 7.e5 Nd5 8.c4 Nc7
9.d4 cxd4 10.Qxd4 O-O 11.Nc3 Ne6 12.Qh4 Rb8 13.b3 d6 14.Bh6 f6 15.Bxg7 Nxg7
16.exf6 exf6 17.Rad1 Bb7 18.Ne4 d5 19.Nc5 Qd6 20.Nxb7 Rxb7 21.cxd5 cxd5 22.Qd4
Rd7 1/2-1/2

[Event "Cto. Autonómico por Equipos 2007"]
[Site "Aragón"]
[Date "2007.03.17"]
[Round "8.17"]
[White "Lamas Manuel"]
[Black "Andres Terrado Miguel Angel"]
[Result "0-1"]
[WhiteElo "2270"]
[BlackElo "2124"]

1.b3 Nf6 2.Bb2 d5 3.e3 Bf5 4.f4 e6 5.Nf3 Nbd7 6.Be2 Bd6 7.O-O c6 8.c4 Qe7 9.
cxd5 Nxd5 10.Nc3 f6 11.Nd4 Bg6 12.f5 Nxc3 13.Bxc3 exf5 14.Nxf5 Bxf5 15.Rxf5
O-O-O 16.Rc1 Kb8 17.Bd4 Bc7 18.b4 Qxb4 19.Rb1 Qd6 20.g3 Bb6 21.Qb3 Qc7 22.Bc3
Rhe8 23.a4 Nc5 24.Qc4 Rd5 25.Rxd5 cxd5 26.Qxd5 Nxa4 27.Bb4 Rd8 28.Qb5 Qc2 29.
Bd1 Qe4 30.Ra1 Nb2 31.Be2 Rd5 32.Bd6+ Rxd6 33.Qxb2 Rxd2 34.Qxd2 Bxe3+ 35.Qxe3
Qxe3+ 36.Kf1 a6 37.Rd1 Kc7 38.Rd3 Qe5 39.Kf2 b5 40.Re3 Qc5 41.Kf3 Qf5+ 42.Kg2
Qc5 43.Rd3 a5 44.Kf1 a4 45.Bg4 f5 46.Bf3 a3 47.Bd5 Qc2 48.Rd4 a2 0-1

[Event "Cto. Autonómico por Equipos 2007"]
[Site "Aragón"]
[Date "2007.03.17"]
[Round "8.18"]
[White "Jaques Burguete Raul"]
[Black "Llanes Luno Ricardo"]
[Result "0-1"]
[WhiteElo "2124"]
[BlackElo "2225"]

1.e4 c5 2.d4 cxd4 3.Bc4 e6 4.Nf3 Nc6 5.O-O a6 6.c3 b5 7.Bb3 d3 8.Qxd3 Qc7 9.
Nbd2 Nf6 10.a4 b4 11.Nc4 Ng4 12.Be3 Nxe3 13.fxe3 Be7 14.e5 O-O 15.h4 a5 16.Bc2
g6 17.Nd6 Nxe5 18.Nxe5 Qxd6 19.Qe4 f5 20.Qf4 Bf6 21.Nxg6 Qxf4 22.Nxf4 bxc3 23.
bxc3 Bb7 24.Rad1 Bc6 25.c4 Bxh4 26.Kh2 Rab8 27.Kh3 Bg5 28.g4 Rb2 29.Bd3 fxg4+
30.Kxg4 Bxf4 31.Rxf4 Rg2+ 32.Kh3 Rxf4 33.exf4 Rf2 34.Kg3 Rf3+ 35.Kg4 h5+ 36.
Kg5 h4 37.f5 h3 38.fxe6 dxe6 39.Be2 Rf5+ 40.Kg6 Be4 41.Kh6 h2 42.Bg4 Rf6+ 43.
Kg5 Kg7 44.Bh5 Rf5+ 0-1

[Event "Cto. Autonómico por Equipos 2007"]
[Site "Aragón"]
[Date "2007.03.17"]
[Round "8.19"]
[White "Roche Simon Miguel Angel"]
[Black "Navarro Alonso Jorge Luis"]
[Result "1/2-1/2"]
[WhiteElo "2180"]
[BlackElo "2113"]

1.e4 c5 2.Nf3 a6 3.d4 cxd4 4.Nxd4 Nf6 5.Nc3 e5 6.Nf3 d6 7.Bc4 Be7 8.Qd3 O-O 9.
Bg5 Be6 10.Bxf6 Bxf6 11.Nd5 Bxd5 12.Bxd5 Qc7 13.O-O Nd7 14.Rad1 Rac8 15.Rd2
Nc5 16.Qa3 Be7 17.Rfd1 b5 18.b4 Na4 19.c4 Nb6 20.cxb5 axb5 21.Qa6 Na4 22.Ne1
Qb6 23.Qxb6 Nxb6 24.Rc2 Rxc2 25.Nxc2 Rc8 26.Ne3 g6 27.Bb7 Rc3 28.g3 Ra3 29.Nd5
Bd8 30.Nxb6 Bxb6 31.Rxd6 Bd4 32.Bd5 Ra4 33.Rd7 Rxb4 34.Rxf7 Rb2 35.g4 h6 36.h4
g5 37.h5 Kh8 38.Kf1 b4 39.f3 Rd2 40.Bb3 Rb2 41.Ke1 Rh2 42.Kd1 Rf2 43.Bc4 Rb2
44.Kc1 Rf2 45.Kd1 Rb2 46.Rd7 Bc3 47.Rd3 Rb1+ 48.Kc2 Rb2+ 49.Kc1 Rf2 50.Bb3
Rf1+ 51.Bd1 Rf2 52.Bb3 Bd4 53.Kd1 Kg7 54.Bc4 Kf6 55.Rb3 Rb2 1/2-1/2

[Event "Cto. Autonómico por Equipos 2007"]
[Site "Aragón"]
[Date "2007.03.17"]
[Round "8.20"]
[White "Garcia Fernandez Javier"]
[Black "Llanes Luno Pedro Alfredo"]
[Result "0-1"]
[WhiteElo "2095"]
[BlackElo "2154"]

1.e4 c5 2.Nf3 d6 3.Nc3 Nf6 4.d4 cxd4 5.Nxd4 a6 6.Be3 e5 7.Nf3 b5 8.a4 b4 9.Nd5
Nbd7 10.Nxb4 Bb7 11.Bc4 Bxe4 12.O-O Qc8 13.Bd5 Nxd5 14.Nxd5 Qc4 15.Nc3 Bb7 16.
Nd2 Qc6 17.f3 d5 18.Bf2 Rc8 19.Nb3 Bb4 20.Na2 Qxa4 21.c3 Be7 22.Nb4 Qb5 23.Ra5
Qc4 24.Nxd5 Bd8 25.Ne3 Qe6 26.Ra4 O-O 27.Na5 Ba8 28.Qb3 Qh6 29.Ng4 Qh5 30.Nc4
e4 31.Nd6 Rb8 32.Rb4 Rxb4 33.cxb4 exf3 34.gxf3 Bc7 35.Bg3 Bb6+ 36.Bf2 Qg6 37.
Bxb6 Nxb6 38.Qe3 Qxd6 0-1

[Event "Cto. Autonómico por Equipos 2007"]
[Site "Aragón"]
[Date "2007.03.17"]
[Round "8.23"]
[White "Gutierrez Minguenza Ruben"]
[Black "Cortes Lizano Jesus"]
[Result "0-1"]
[WhiteElo "2080"]
[BlackElo "2154"]

1.d4 Nf6 2.c4 e6 3.Nf3 Bb4+ 4.Bd2 Qe7 5.g3 Nc6 6.Bg2 Bxd2+ 7.Nbxd2 d6 8.e4 e5
9.d5 Nb8 10.O-O O-O 11.Ne1 a5 12.Nd3 Na6 13.a3 c6 14.b4 Bd7 15.Qb3 cxd5 16.
exd5 Bf5 17.Nb2 Rfb8 18.Rfc1 e4 19.Bf1 axb4 20.axb4 h5 21.Nd1 h4 22.Ne3 Bg6
23.Ra5 Nd7 24.Qa3 Nc7 25.Rxa8 Rxa8 26.Qc3 b6 27.Nb3 Rc8 28.Nd4 hxg3 29.hxg3
Ne5 30.Nc6 Nf3+ 31.Kg2 Qg5 32.Be2 Re8 33.Rh1 f5 34.Nd4 f4 35.Nxf3 0-1

[Event "Cto. Autonómico por Equipos 2007"]
[Site "Aragón"]
[Date "2007.03.17"]
[Round "8.22"]
[White "Villuendas Valero Adrian"]
[Black "Gimeno Oteo Marco Antonio"]
[Result "1-0"]
[WhiteElo "2224"]
[BlackElo "2156"]

1.d4 Nf6 2.c4 g6 3.Nc3 Bg7 4.e4 d6 5.Nf3 O-O 6.Be2 e5 7.O-O Nbd7 8.Re1 c6 9.d5
cxd5 10.cxd5 Nh5 11.Be3 Nf4 12.Bf1 Nf6 13.Bxf4 exf4 14.e5 dxe5 15.Nxe5 Ne8 16.
Qf3 Qg5 17.Nd3 Nd6 18.Qxf4 Qxf4 19.Nxf4 Bf5 20.Bd3 Rac8 21.Bxf5 Nxf5 22.Nfe2
Rfd8 23.Red1 Nd6 24.Rac1 Bh6 25.f4 g5 26.g3 gxf4 27.Nxf4 Bxf4 28.gxf4 Rc4 29.
Ne2 Re4 30.Kf2 Rde8 31.Rc2 Ra4 32.b3 Ra6 33.Ng3 Kf8 34.Kf3 Ra5 35.a4 Ra6 36.
Rc3 Rb6 37.Ne2 Rd8 38.Nd4 a6 39.Rdd3 Ke7 40.Rc7+ Kf6 41.Nc2 Ne8 42.Rc5 Rbd6
43.Ne3 R6d7 44.Ng4+ Ke7 45.Ne5 Rd6 46.Nc4 Rh6 47.Re3+ Kf8 48.Kg3 Rg6+ 49.Kf3
Rh6 50.Kg2 Rf6 51.Rf3 b6 52.Rc6 b5 53.Nb6 Rf5 54.Kg3 Nd6 55.Rd3 Rf6 56.Kf3 Rh6
57.Kg2 Rh4 58.Rh3 Rxf4 59.Rxh7 Rg4+ 60.Kf3 Rg8 61.Rc7 Ke8 62.a5 b4 63.h4 Nf5
64.Rhxf7 Nxh4+ 65.Ke3 Ng6 66.Kd4 Rh8 67.Rg7 Rh6 68.Kc5 1-0

[Event "Cto. Autonómico por Equipos 2007"]
[Site "Aragón"]
[Date "2007.03.17"]
[Round "8.21"]
[White "Cebrian Valverde Jose Antonio"]
[Black "Adla Diego Gustavo"]
[Result "0-1"]
[WhiteElo "2205"]
[BlackElo "2470"]

1.d4 Nf6 2.c4 e6 3.g3 d5 4.Nf3 dxc4 5.Qa4+ c6 6.Qxc4 b5 7.Qc2 Bb7 8.Bg2 Nbd7
9.O-O c5 10.Nc3 a6 11.Rd1 Rc8 12.dxc5 Bxc5 13.a3 Qb6 14.e3 Be7 15.Qe2 Nc5 16.
Nd4 Bxg2 17.Kxg2 Qb7+ 18.f3 g5 19.b4 Ncd7 20.Bb2 g4 21.Rac1 Ne5 22.Ncxb5 Rxc1
23.Rxc1 axb5 24.Qxb5+ Qxb5 25.Nxb5 gxf3+ 26.Kf1 Neg4 27.Rc8+ Bd8 28.h3 Nxe3+
29.Ke1 f2+ 0-1

[Event "Cto. Autonómico por Equipos 2007"]
[Site "Aragón"]
[Date "2007.03.17"]
[Round "8.24"]
[White "Lafarga Bueno Daniel"]
[Black "Baldellou Vicente Roberto"]
[Result "1/2-1/2"]
[WhiteElo "1829"]
[BlackElo "2033"]

1.c4 e5 2.Nc3 Nf6 3.Nf3 Nc6 4.d3 Bb4 5.Bd2 O-O 6.g3 d6 7.Bg2 Bf5 8.O-O Qd7 9.
a3 Bxc3 10.Bxc3 Rae8 11.b4 Bh3 12.Qc2 Bxg2 13.Kxg2 Qf5 14.Rac1 Qh5 15.e4 Nd8
16.Bd2 Ne6 17.h3 h6 18.Be3 Kh8 19.Rh1 g5 20.Rcg1 Rg8 21.Qe2 Nf4+ 22.Bxf4 gxf4
23.g4 Qg6 24.Kf1 Nh7 25.Nh4 Qf6 26.Nf5 Rg6 27.Rh2 Reg8 28.h4 Qe6 29.g5 c6 30.
Rhg2 hxg5 31.hxg5 Rxg5 32.Qh5 Rxg2 33.Rxg2 Rxg2 34.Kxg2 d5 35.Qh4 Qf6 36.cxd5
cxd5 37.Qxf6+ Nxf6 38.exd5 Nxd5 39.Nd6 Kg7 40.Nxb7 Kf6 41.Nd6 Nc7 42.Kf3 Ke6
43.Ne4 Kd5 44.Nc5 Nb5 45.a4 Nd4+ 46.Kg2 a5 47.Na6 axb4 48.Nxb4+ Kc5 49.Na2 f5
50.f3 Nc2 51.Kf2 Kb6 52.Nc3 Ka5 53.Nd5 Kxa4 54.Ne7 Nd4 55.Ng6 Nc6 56.Nh4 Ne7
57.Ke2 Kb4 58.Kd2 Kc5 59.Kc3 Kd5 60.Ng2 Nc6 61.Nh4 Nd4 62.Kd2 Kc5 63.Kc3 Kb5
64.Kd2 Kb4 65.Ng6 Nxf3+ 66.Ke2 Nd4+ 67.Kf2 Nc6 68.Kf3 Nd4+ 69.Kf2 e4 70.dxe4
fxe4 71.Nxf4 Nf5 72.Ke2 Kc3 73.Nd5+ Kd4 74.Nf4 1/2-1/2

[Event "Cto. Autonómico por Equipos 2007"]
[Site "Aragón"]
[Date "2007.03.17"]
[Round "8.25"]
[White "Hefty Hilardo Jorge Walter"]
[Black "Martinez Catalin Francisco Javier"]
[Result "1-0"]
[WhiteElo "2337"]
[BlackElo "2240"]

1.d4 Nf6 2.c4 e6 3.Nc3 Bb4 4.Nf3 b6 5.Qb3 c5 6.a3 Ba5 7.e3 O-O 8.Be2 Ba6 9.O-O
Bxc3 10.Qxc3 d5 11.b3 cxd4 12.exd4 Nc6 13.Bf4 Rc8 14.Rfc1 Na5 15.Qb4 dxc4 16.
bxc4 Nd5 17.cxd5 Bxe2 18.Rxc8 Qxc8 19.Rc1 Qd7 20.dxe6 Qxe6 21.Re1 Qf5 22.d5
Re8 23.d6 Bb5 24.Nd4 Rxe1+ 25.Qxe1 Qd7 26.Qe5 Ba4 27.Nf5 f6 28.Qd5+ Kf8 29.Ne7
Bb3 30.Qa8+ Qe8 31.Qxa7 1-0

[Event "Cto. Autonómico por Equipos 2007"]
[Site "Aragón"]
[Date "2007.03.17"]
[Round "8.26"]
[White "Solano Lasierra Javier"]
[Black "Aparicio Navarro Pedro Jose"]
[Result "1-0"]
[WhiteElo "2132"]
[BlackElo "2205"]

1.d4 Nf6 2.c4 g6 3.Nc3 Bg7 4.e4 O-O 5.f4 d6 6.Nf3 c5 7.d5 e6 8.dxe6 Bxe6 9.Bd3
Nc6 10.O-O Qd7 11.f5 gxf5 12.Ng5 Nd4 13.exf5 Bxf5 14.Bxf5 Nxf5 15.Qd3 h6 16.
Rxf5 hxg5 17.Rxg5 Nh7 18.Rf5 Rae8 19.Bf4 Re6 20.Rf1 Qe8 21.Bd2 Bd4+ 22.Kh1 a6
23.R1f3 Rg6 24.Rxf7 Qxf7 25.Rxf7 Kxf7 26.Ne2 Be5 27.Nf4 Bxf4 28.Bxf4 Kg7 29.g3
b6 30.h4 Re6 31.h5 Kg8 32.Qd5 Re8 33.Kg2 Nf6 34.Qg5+ Kf7 35.Qg6+ Ke7 36.Bg5
Rf8 37.h6 Kd7 38.Qg7+ Ke8 39.h7 1-0

[Event "Cto. Autonómico por Equipos 2007"]
[Site "Aragón"]
[Date "2007.03.17"]
[Round "8.27"]
[White "Munoz Munoz Juan Carlos"]
[Black "Pellicer Cemeli Jose Luis"]
[Result "1/2-1/2"]
[WhiteElo "2149"]
[BlackElo "2043"]

1.Nf3 e6 2.d4 Nf6 3.c4 Bb4+ 4.Bd2 Bxd2+ 5.Qxd2 d5 6.e3 O-O 7.Nc3 c6 8.Bd3 Nbd7
9.O-O Qe7 10.cxd5 exd5 11.Qc2 Re8 12.Rab1 c5 13.dxc5 Nxc5 14.Bb5 Rd8 15.Rfd1
Bg4 16.Be2 Rac8 17.Nd4 Nce4 18.Qa4 Rxc3 19.bxc3 Nxc3 20.Qc2 Nxd1 21.Qxd1 Bxe2
22.Qxe2 Rc8 23.h3 h6 24.Qb5 Rc7 25.Qa5 b6 26.Qa4 Ne4 27.Nb5 Nc3 28.Nxc3 Rxc3
29.Qd4 Qc5 30.Qe5 Ra3 31.Qe8+ Qf8 32.Qd7 Qc5 33.Qe8+ Kh7 34.Qxf7 Rxa2 35.e4
Qc2 36.Qf5+ Kg8 37.Qxd5+ Kh7 38.Qf5+ Kg8 39.Qd5+ Kh7 40.Qf5+ 1/2-1/2

[Event "Cto. Autonómico por Equipos 2007"]
[Site "Aragón"]
[Date "2007.03.17"]
[Round "8.28"]
[White "Felez Casedas Carlos"]
[Black "Fernando Gros Jorge Luis"]
[Result "0-1"]
[WhiteElo "2084"]
[BlackElo "2010"]

1.Nf3 d5 2.b3 c5 3.Bb2 f6 4.e3 e5 5.Bb5+ Nc6 6.c4 d4 7.exd4 cxd4 8.O-O Bd6 9.
d3 Ne7 10.Nbd2 O-O 11.Re1 Bg4 12.Ne4 Bb4 13.Ned2 Bxf3 14.gxf3 Ng6 15.Bxc6 bxc6
16.a3 Bxd2 17.Qxd2 Nf4 18.Kh1 Qe8 19.Bxd4 Qh5 20.Qe3 Rad8 21.Bxa7 Rxd3 22.Qe4
f5 23.Qxc6 e4 0-1

[Event "Cto. Autonómico por Equipos 2007"]
[Site "Aragón"]
[Date "2007.03.17"]
[Round "8.29"]
[White "Saldano Horacio"]
[Black "Valles Mata David"]
[Result "1-0"]
[WhiteElo "2422"]
[BlackElo "2130"]

1.c4 e6 2.Nc3 d5 3.d4 dxc4 4.e4 Nf6 5.Bxc4 a6 6.e5 Nd5 7.Nge2 Nxc3 8.bxc3 Be7
9.O-O c5 10.Nf4 b5 11.Bd3 g6 12.Qg4 Bb7 13.Re1 cxd4 14.cxd4 Nc6 15.Be4 Qd7 16.
Bb2 h5 17.Qf3 g5 18.d5 exd5 19.Nxd5 1-0